Flag Map by Australian Subdivision - Statistics

General Stats
  • This quiz has been taken 44 times
  • The average score is 7 of 8
Answer Stats
Picture Answer % Correct
New South Wales
94%
Tasmania
94%
Northern Territory
91%
South Australia
91%
Victoria
91%
Western Australia
91%
Queensland
88%
Australian Capital Territory
67%
No matching quizzes found
Score Distribution
Percent of People with Each Score
Percentile by Number Answered
Your Score History
You have not taken this quiz